| 000 | 00465nam a22001217a 4500 | ||
|---|---|---|---|
| 999 |
_c21350 _d21350 |
||
| 008 | 240906b ||||| |||| 00| 0 eng d | ||
| 100 |
_aMamita, Mischell B. _eauthor. _960266 |
||
| 245 |
_aReducing carbon footprint : _ba must / _cMischell B. Mamita. |
||
| 260 |
_aPhilippines; _bPublishers Association of the Philippines, Inc., _cJuly 2019. |
||
| 300 |
_aVolume 168, pages 55-56, _billustration. |
||
| 700 |
_aMamita, Mischell B. _eauthor. _960266 |
||
| 942 |
_2ddc _cPER |
||